000 00398nam a2200133 i 4500
001 bg
100 1 _aTENDERA, Paweł
245 0 _aSprawozdawczość finansowa w przedsiębiorstwie :
_bsporządzanie, badanie, weryfikacja /
_cPaweł Tendera.
260 _aWarszawa :
_bPańst. Wydaw. Ekonomiczne,
_c1987.
040 _cBPK
041 _apol
942 _cKS
008 s pl f |000 0 pol
999 _c3434
_d3434
856 _uhttp://koha.tu.koszalin.pl/cgi-bin/koha/opac-detail.pl?biblionumber=3434
_yKatalog online BPK